00928nam a22002532i 450000100060000000300080000600500170001400800410003103500190007204000420009104100080013308200170014109000180015810000510017624500620022726000560028930000500034549000250039560000440042083000320046494200120049699900170050895201490052523666BD-RjUL20211209000945.0140311q19691956xx 001 0 eng d a(BD-RjUL)23731 aWHEcWHEdOCLdPLFdEQOdBD-RjULbeng aeng a928.223bHAS aPR2894b.H2581 aHalliday, F. E.q(Frank Ernest),d1903-95412500aShakespeare :ba pictorial biography /cby F. E. Halliday aLondon :bThames and Hudson,c1956 [reprinted 1969] a147 p. (39 leaves of plates) :bill. ;c24 cm1 aA Studio publication10aShakespeare, William,d1564-1616972868 2aA Studio publication972869 2ddccBK c23666d23666 00102ddc40728FICaRUCLbRUCLcReadingd1973-01-13eParamount book cor.g38.50l0o928.223 HAS 1969r2014-03-11 00:00:00tC-1w2014-03-11yBK